Language Quiz

Random Language Quiz

Most Spoken World Languages Quiz Stats

 Plays Quiz not verified by Sporcle

Challenge
Share
Tweet
Embed
Score 0/10 Timer 03:00
0 Plays Today
Approximate # of Primary Speakers Language % Correct
312-380,000,000English
100%
325,000,000Spanish
98.4%
882,000,000Mandarin Chinese
97.5%
206-422,000,000Arabic
88.5%
181,000,000Hindi
83.6%
96,000,000German
83.6%
146,000,000Russian
81.1%
128,000,000Japanese
80.3%
178,000,000Portuguese
77%
173,000,000Bengali
45.9%

You're not logged in!

Compare scores with friends on all Sporcle quizzes.
OR
Log In

You Might Also Like...

Show Comments

Extras

Created Feb 7, 2011ReportNominate

Top Quizzes Today


Score Distribution

Your Account Isn't Verified!

In order to create a playlist on Sporcle, you need to verify the email address you used during registration. Go to your Sporcle Settings to finish the process.

Report this User

Report this user for behavior that violates our Community Guidelines.

Details: